| 000 | 01050nam a2200265 a 4500 | ||
|---|---|---|---|
| 001 | 000029162 | ||
| 003 | DO-SdBNP | ||
| 005 | 20250701131818.0 | ||
| 008 | 110413s1990 dr r 000 0 spa d | ||
| 040 |
_aDO-SdBNP _bspa _cBNPHU |
||
| 082 |
_a378 _bR788i |
||
| 100 | 1 |
_aRosa, Jesus de la _919724 |
|
| 245 | 1 | 0 |
_aInforme : _bsistema de equivalencia de títulos entre España y República Dominicana / _cJesús de la Rosa, César Mella Mejías. |
| 260 |
_aSanto Domingo : _bUniversitaria-UASD, _c1990. |
||
| 300 |
_a72 p. ; _c22 cm. |
||
| 490 | 1 |
_aPublicaciones de la Universidad Autónoma de Santo Domingo _v636 |
|
| 490 | 1 |
_aUniversidad y planificación _v13 |
|
| 590 | _aInventariado, 2018/BT | ||
| 650 | 4 |
_aEducación superior _zRepública Dominicana _9736 |
|
| 650 | 4 |
_aEducación superior _zEspaña _9736 |
|
| 700 | 1 | 2 |
_aMella Mejías, César _d1950- _9210 |
| 830 | 0 |
_aPublicaciones de la Universidad Autónoma de Santo Domingo _n636 _pUniversidad y planificación; 13 _956074 |
|
| 910 | _aValidado. Control de calidad. MFF | ||
| 942 |
_2ddc _cLBS1 |
||
| 999 |
_c28654 _d28654 |
||